Loading...
| Literature - World | 0 | 1 | 0 | 0 | 10 | 14 | 14.00 | 1 | 1 | 9.64 | 11.11 |
| Popular Culture | 0 | 1 | 0 | 0 | 10 | 61 | 61.00 | 0 | 0 | 7.75 | 2.78 |
| Religion | 0 | 1 | 0 | 0 | 10 | 28 | 28.00 | 1 | 1 | 8.38 | 11.11 |
| Fine Arts - Other | 0 | 1 | 0 | 0 | 10 | 75 | 75.00 | 0 | 0 | 3.80 | 4.76 |
| History - Other | 0 | 1 | 0 | 0 | 10 | 62 | 62.00 | 0 | 1 | 4.73 | 7.41 |
| Literature - British | 0 | 1 | 0 | 0 | 10 | 61 | 61.00 | 0 | 0 | 5.01 | 5.56 |
| Science - Biology | 0 | 0 | 1 | 0 | -5 | 0.00 | 0 | 0 | 0.00 | 0.00 | |
| Fine Arts - Classical Music | 0 | 0 | 1 | 0 | -5 | 0.00 | 0 | 0 | 0.00 | 0.00 | |
| Geography | 0 | 0 | 1 | 0 | -5 | 0.00 | 0 | 0 | 0.00 | 0.00 | |
| Current Events | 0 | 0 | 1 | 0 | -5 | 0.00 | 0 | 0 | 0.00 | 0.00 |